000 00292nam a22001337a 4500
008 170407b xxu||||| |||| 00| 0 eng d
020 _a9781405104166
041 _aeng
080 _24TH
_a616
100 _a9
101 _aSHM
245 _aPATHOPHYSIOLOGY II
_cBHUSHAN, V
942 _2udc
_cBK
999 _c10121
_d10121